Fair value podľa US GAAP a IFRS

Fair value (reálna hodnota) podľa US GAAP. Transparentnosť v oceňovaní. Tri prístupy pri oceňovaní prostredníctvom fair value. Fair value podľa IFRS. Fair value a finančná kríza.

Saved in:
Bibliographic Details
Main Author: Kadlečík, Kristián
Format: Book Chapter
Language:Slovak
Subjects:
Tags: Add Tag
No Tags, Be the first to tag this record!

MARC

LEADER 00000naa a2200000 4500
001 0143496
005 20231103073012.8
041 0 |a slo 
044 |a SK 
245 1 0 |a Fair value podľa US GAAP a IFRS  |c Kristián Kadlečík 
520 |a Fair value (reálna hodnota) podľa US GAAP. Transparentnosť v oceňovaní. Tri prístupy pri oceňovaní prostredníctvom fair value. Fair value podľa IFRS. Fair value a finančná kríza. 
610 2 0 |a oceňovanie 
610 2 0 |a hodnota reálna 
610 2 0 |a majetok 
610 2 0 |a IFRS 
610 2 0 |a štandardy účtovné medzinárodné 
610 2 0 |a kríza finančná 
100 1 |a Kadlečík, Kristián